<?xml version="1.0" encoding="UTF-8"?>
<collection xmlns="http://www.loc.gov/MARC21/slim">
 <record>
  <leader>01949nam a2200241Ia 4500</leader>
  <controlfield tag="001">CTU_138709</controlfield>
  <controlfield tag="008">210402s9999    xx            000 0 und d</controlfield>
  <datafield tag="020" ind1=" " ind2=" ">
   <subfield code="c">599</subfield>
  </datafield>
  <datafield tag="082" ind1=" " ind2=" ">
   <subfield code="a">631.811</subfield>
  </datafield>
  <datafield tag="082" ind1=" " ind2=" ">
   <subfield code="b">P713/Vol.78</subfield>
  </datafield>
  <datafield tag="245" ind1=" " ind2="0">
   <subfield code="a">Plant nutrition for sustainable food production and environment :</subfield>
  </datafield>
  <datafield tag="245" ind1=" " ind2="0">
   <subfield code="b">proceedings of the XIII International Plant Nutrition Colloquium, 13-19 September 1997, Tokyo, Japan</subfield>
  </datafield>
  <datafield tag="245" ind1=" " ind2="0">
   <subfield code="c">edited by Tadao Ando ... [et al.].</subfield>
  </datafield>
  <datafield tag="260" ind1=" " ind2=" ">
   <subfield code="a">Dordrecht,Boston</subfield>
  </datafield>
  <datafield tag="260" ind1=" " ind2=" ">
   <subfield code="b">Kluwer Academic Publishers</subfield>
  </datafield>
  <datafield tag="260" ind1=" " ind2=" ">
   <subfield code="c">1997</subfield>
  </datafield>
  <datafield tag="520" ind1=" " ind2=" ">
   <subfield code="a">The XIII International Plant Nutrition Colloquium is the latest in a series which commenced in 1954. It is the first in Asia and possibly the last in the 20th century. This volume of the Proceedings begins with two keynote papers which review achievements in the field of plant nutrition and crop production in this century and discuss future developments in the science and in our society. Recent advances in plant nutrition are reviewed by three other invited papers from the aspects of innovative research technology, molecular biology and rice physiology. Nearly 300 shorter papers report and discuss important findings in plant nutrition: mineral function, ion transport, molecular biology, deficiency and toxicity tolerance, diagnostic techniques, root function, N fixation, microorganisms, rhizosphere, fertilizer, environmental pollution, organic wastes, rice physiology, N and S metabolism, dry matter production and crop quality. Readers will gain an appreciation of current knowledge in all the aspects of plant nutrition relating to sustainable food production and the environment.</subfield>
  </datafield>
  <datafield tag="526" ind1=" " ind2=" ">
   <subfield code="a">Dinh dưỡng cây trồng,Thâm cứu dinh dưỡng cây trồng</subfield>
  </datafield>
  <datafield tag="526" ind1=" " ind2=" ">
   <subfield code="b">NN688,NN714</subfield>
  </datafield>
  <datafield tag="650" ind1=" " ind2=" ">
   <subfield code="a">Crops,Plants</subfield>
  </datafield>
  <datafield tag="650" ind1=" " ind2=" ">
   <subfield code="x">Nutrition,Congresses.,Nutrition,Congresses</subfield>
  </datafield>
  <datafield tag="904" ind1=" " ind2=" ">
   <subfield code="i">Năm</subfield>
  </datafield>
  <datafield tag="980" ind1=" " ind2=" ">
   <subfield code="a">Trung tâm Học liệu Trường Đại học Cần Thơ</subfield>
  </datafield>
 </record>
</collection>
